Sports Quiz

Random Sports or NHL Quiz

2013 Former Columbus Blue Jackets (Active) Quiz Stats

Quiz not verified by Sporcle

Challenge
Share
Tweet
Embed
Score 0/35 Timer 10:00
0 Plays Today
Current Team Player % Correct
Philadelphia (G)Steve Mason
96.5%
NY Rangers (LW)Rick Nash
92.1%
NY Rangers (C)Derick Brassard
84.9%
Los Angeles (C)Jeff Carter
78.1%
Philadelphia (RW)Jakub Voracek
76.3%
NY Rangers (RW)Derek Dorsett
72.1%
Phoenix (D)Rostislav Klesla
66.7%
NY Rangers (D)John Moore
66.3%
Washington (LW)Jason Chimera
63.2%
Vancouver (C)Manny Malhotra
63.2%
Ottawa (D)Marc Methot
61.4%
Phoenix (C)Antoine Vermette
58.8%
Tampa Bay (G)Mathieu Garon
57.9%
Colorado (D)Jan Hejda
53.5%
Boston (D)Aaron Johnson
53.5%
Philadelphia (G)Brian Boucher
52.6%
Anaheim (D)Francois Beauchemin
50.9%
Winnipeg (D)Ron Hainsey
48.2%
Current Team Player % Correct
St. Louis (D)Kris Russell
48.2%
Dallas (LW)Ray Whitney
44.7%
Winnipeg (D)Grant Clitsome
43%
San Jose (LW)Raffi Torres
43%
Philadelphia (LW)Jody Shelley
37.7%
Calgary (LW)Curtis Glencross
36.8%
NY Rangers (D)Anton Stralman
36%
NY Islanders (D)Radek Martinek
34.2%
Florida (LW)Scottie Upshall
31.6%
Calgary (RW)Tim Jackman
27.2%
Montreal (RW)Mike Blunden
20.2%
Dallas (D)Aaron Rome
18.4%
Vancouver (LW)Tom Sestito
17.5%
Minnesota (C)Mike Rupp
16.7%
Minnesota (C)Zenon Konopka
14.9%
St. Louis (C)Andrew Murray
14%
Tampa Bay (D)Mathieu Roy
13.6%

You're not logged in!

Compare scores with friends on all Sporcle quizzes.
Sign Up with Email
OR
Log In

You Might Also Like...

Show Comments

Extras

Top Quizzes Today


Score Distribution

Your Account Isn't Verified!

In order to create a playlist on Sporcle, you need to verify the email address you used during registration. Go to your Sporcle Settings to finish the process.